01546nam a2200229Ia 450000500170000000800410001702000180005805000210007610000330009724000400013024501370017025000190030726000470032630000360037350000470040950001110045650400340056750506030060165000280120470000300123270000540126220231102150742.0120625s2004 sp 001 0 spa d a9788420540030 4aQ335bR8718 20041 aRussell, Stuart J.e , autor10aArtificial IntelligencelEspañol 10aInteligencia artificialb : un enfoque moderno c / Stuart J. Russell, Peter Norvig ; traducción Juan Manuel Corchado Rodríguez  a2a. edición  aEspañab : Pearson Educación c , 2004 axxiv, 1212 páginasc ; 25 cm. aTítulo original: Artificial Intelligence aEjemplar 1 (04 001568) es reimpresión 2006 Ejemplar 3 (04 001570) y 4 (04 001571) son reimpresión 2007 aBibliografía: pp. 1121-11770 aAgentes inteligentes Resolver problemas mediante búsqueda Búsqueda informada y exploración Problemas de satisfacción de restricciones Búsqueda entre adversarios Agebtes lógicos Lógica de primer orden Inferencia en lógica de primer orden Representación del conocimiento Planificación Planificación y acción en el mundo real Incertidumbre Razonamiento probabilista en el tiempo Toma de decisiones sencillas Toma de decisiones complejas Aprendiazaje de observaciones Conocimiento en el aprendizaje Método estadístico de aprendizaje Aprendizaje por refuerzo  4aINTELIGENCIA ARTIFICIAL1 aNorvig, Peter e , autor 1 aCorchado Rodríguez, Juan Manuel e , traductor